<?xml version="1.0" encoding="UTF-8"?>
<collection xmlns="http://www.loc.gov/MARC21/slim">
 <record>
  <leader>01349ngm a22002775g 4500</leader>
  <controlfield tag="001">CEM.cems022979</controlfield>
  <controlfield tag="008">130507b2010##################0###0#####d</controlfield>
  <controlfield tag="005">20241128145408.0</controlfield>
  <datafield tag="245" ind1="1" ind2="0">
   <subfield code="a">Darwin /</subfield>
   <subfield code="c">Canal Encuentro</subfield>
  </datafield>
  <datafield tag="300" ind1=" " ind2=" ">
   <subfield code="a">31'.</subfield>
  </datafield>
  <datafield tag="490" ind1="0" ind2=" ">
   <subfield code="a">Naturalistas Viajeros</subfield>
  </datafield>
  <datafield tag="500" ind1=" " ind2=" ">
   <subfield code="a">En soporte VHS, consultar en ventanilla.</subfield>
  </datafield>
  <datafield tag="505" ind1="0" ind2=" ">
   <subfield code="a">Darwin y su llegada a la Patagonia. Estudios sobre las especies de la Patagonia. Estudios en la zona de Bahía Blanca y Punta Alta. Expedición por la costa sur bonaerense. Llegada a Carmen de Patagones.</subfield>
  </datafield>
  <datafield tag="520" ind1=" " ind2=" ">
   <subfield code="a">Entre 1831 y 1836, Charles Darwin participó de la famosa expedición por América del Sur y las islas del Pacífico a bordo del Beagle. Este viaje fue decisivo en su vida, ya que le permitió acumular información a partir de la cual desarrolló sus teorías sobre la evolución de las especies.</subfield>
  </datafield>
  <datafield tag="538" ind1=" " ind2=" ">
   <subfield code="a">Soporte: VHS - Norma: Pal N - Color: Si - Grabación DRD 2010 - Hitachi=1560</subfield>
  </datafield>
  <datafield tag="110" ind1="2" ind2=" ">
   <subfield code="a">Canal Encuentro.</subfield>
  </datafield>
  <datafield tag="082" ind1="9" ind2="1">
   <subfield code="/">AME</subfield>
  </datafield>
  <datafield tag="653" ind1=" " ind2=" ">
   <subfield code="a">GEOGRAFIA</subfield>
  </datafield>
  <datafield tag="653" ind1=" " ind2=" ">
   <subfield code="a">DARWIN</subfield>
  </datafield>
  <datafield tag="653" ind1=" " ind2=" ">
   <subfield code="a">PATAGONIA</subfield>
  </datafield>
  <datafield tag="653" ind1=" " ind2=" ">
   <subfield code="a">BAHIA BLANCA</subfield>
  </datafield>
  <datafield tag="653" ind1=" " ind2=" ">
   <subfield code="a">PUNTA ALTA</subfield>
  </datafield>
  <datafield tag="653" ind1=" " ind2=" ">
   <subfield code="a">NIVEL PRIMARIO</subfield>
  </datafield>
  <datafield tag="653" ind1=" " ind2=" ">
   <subfield code="a">NIVEL SECUNDARIO</subfield>
  </datafield>
  <datafield tag="856" ind1=" " ind2=" ">
   <subfield code="u">https://www.educ.ar/recursos/101722/darwin-en-la-provincia-de-buenos-aires</subfield>
  </datafield>
  <datafield tag="859" ind1=" " ind2=" ">
   <subfield code="a">CEMS</subfield>
   <subfield code="b">BIB. CEMS - Depto. Recursos Didacticos</subfield>
   <subfield code="h">910</subfield>
   <subfield code="i">AME</subfield>
   <subfield code="k">DRD</subfield>
   <subfield code="p">1622.12</subfield>
   <subfield code="t">Ej.1</subfield>
  </datafield>
 </record>
</collection>
